000 01096cam a2200313 i 4500
999 _c4543
_d4543
001 340244
003 ALUPE UNIVERSITY
005 20220324093331.0
008 810608s1980 nyua b 1 0 eng d
010 _a 80065521
020 _a0913258725
035 _aocm06734727
040 _aLC
_beng
_cALUPE UNIVERSITY
049 _aaeu
050 0 _aRF510
_b.A76
082 0 _a616.85/5
_219
090 0 0 _aRF 510 A76 1980
_bAEU
100 1 _aAronson, Arnold E.
_q(Arnold Elvin),
_d1928-
245 1 0 _aClinical voice disorders,
_ban interdisciplinary approach /
_cArnold E. Aronson ; [medical ill., Floyd E. Hosmer].
260 _aNew York :
_bB. C. Decker,
_c1980.
300 _aix, 261 p. :
_bill. ;
_c25 cm.
336 _atext
_btxt
_2rdacontent
337 _aunmediated
_bn
_2rdamedia
338 _avolume
_bnc
_2rdacarrier
504 _aIncludes bibliographies and index.
583 1 _acommitted to retain
_c20170930
_d20421231
_fHathiTrust
_uhttps://www.hathitrust.org/shared_print_program
_5AEU
_zHathiTrust Shared Print commitment 2017
650 0 _aVoice disorders.
942 _2lcc
_cBK
_nJO